| 000 | 01020nam a22003257a 4500 | ||
|---|---|---|---|
| 003 | CHAP | ||
| 005 | 20220329134113.0 | ||
| 008 | 971013s1980 r 00010 d | ||
| 010 | _a15412 | ||
| 011 | _a16384 | ||
| 035 | _a20463 | ||
| 040 | _cCHAP | ||
| 082 |
_a028.7 _bH4 |
||
| 100 | 0 | 0 |
_aHiggens, Gavin _eed. _955312 |
| 245 | _aPrinted reference material | ||
| 260 |
_aLondon : _bThe Library Association, _c1980 |
||
| 300 | _a520 p. | ||
| 490 | _aHandbooks on library practice | ||
| 590 |
_aBATCH-UPD _b10 _c20130110 _lUCH01 _h0156 |
||
| 590 |
_aBATCH-UPD _b10 _c20130110 _lUCH01 _h2039 |
||
| 590 |
_aBATCH-UPD _b10 _c20130410 _lUCH01 _h1354 |
||
| 590 |
_aBATCH-UPD _b10 _c20130914 _lUCH01 _h1601 |
||
| 590 |
_aCONVERSION _b10 _c20130109 _lUCH01 _h1310 |
||
| 650 | 1 | 4 |
_aObras de consulta _xBibliografía. _982532 |
| 650 | 1 | 4 |
_aServicios de consulta (bibliotecas) _9105329 |
| 830 | 0 |
_aHandbooks on library practice _952511 |
|
| 901 | _aBK | ||
| 942 | _cLIBRO | ||
| 949 |
_a028.7 H4 _bBC _cLIBRO _d-47760 _eB _h69874 _i20463 _si |
||
| 999 |
_c15412 _d15412 |
||